[Event "Corus 2010 - C"]
[Site "Wijk aan Zee"]
[Date "24.01.2010"]
[Round "8C"]
[White "Kuipers,S"]
[Black "Peng Zhaoqin"]
[Result "0-1"]
[WhiteElo "2340"]
[BlackElo "2402"]
[EventDate "2010.01.16"]

1. e4 e6 2. d4 d5 3. Nc3 Bb4 4. Bd3 dxe4 5. Bxe4 Nf6 6. Bf3 O-O 7. Nge2 e5
8. O-O Bxc3 9. Nxc3 exd4 10. Nb5 c5 11. Bf4 Ne8 12. Re1 Nc6 13. c3 a6 14.
Rxe8 Rxe8 15. Nc7 Qf6 16. Bxc6 bxc6 17. Qf3 Bd7 18. Nxa8 Rxa8 19. Re1 g5
20. Bc7 Qxf3 21. gxf3 d3 22. c4 f6 23. Bd6 Bh3 24. Bxc5 f5 25. f4 Bg4 26.
Be3 Rd8 27. Bd2 gxf4 28. Kg2 Be2 29. f3 Kf7 30. Kf2 Rd6 31. Bxf4 Rd4 32.
Bd2 Rh4 33. Kg3 Rxc4 34. Rc1 Rc2 35. Rxc2 dxc2 36. Kf2 Bd1 37. Ke3 Ke6 38.
Bc1 Kd5 39. Bd2 c5 40. Bc1 c4 41. h3 Kc5 42. h4 h5 43. Bd2 a5 44. Bc1 a4
45. Bd2 c3 46. Bc1 Kc4 47. bxc3 Kxc3 48. Ba3 f4+ 49. Kxf4 Kd2 50. Ke4 c1=Q
51. Bxc1+ Kxc1 52. f4 Kb2 53. f5 Kxa2 54. f6 Bb3 0-1

[Event "Corus 2010 - C"]
[Site "Wijk aan Zee"]
[Date "27.01.2010"]
[Round "10C"]
[White "Soumya,Sw"]
[Black "Grandelius,N"]
[Result "1-0"]
[WhiteElo "2323"]
[BlackElo "2515"]
[EventDate "2010.01.16"]

1. e4 c5 2. Nf3 d6 3. d4 cxd4 4. Nxd4 Nf6 5. Nc3 a6 6. Be3 e6 7. f3 b5 8.
Qd2 Nbd7 9. g4 Nb6 10. a4 Nc4 11. Bxc4 bxc4 12. a5 Bb7 13. Na4 d5 14. g5
Nd7 15. O-O-O dxe4 16. fxe4 Rb8 17. Rhe1 Ba8 18. Nf5 Bc6 19. Qc3 Bxa4 20.
Rxd7 Qxd7 21. Nxg7+ Bxg7 22. Qxg7 Qe7 23. Qxh8+ Qf8 24. Qe5 Qb4 25. Bd2 Qb5
26. Qh8+ Kd7 27. Qd4+ Kc8 28. Bf4 Rb7 29. Rd1 Qd7 30. Qxc4+ Qc6 31. Rd4 Bb5
32. Qb4 Qe8 33. Qc5+ Qc6 34. Qf8+ Qe8 35. Rc4+ Kd7 36. Qd6+ 1-0

[Event "Corus 2010 - C"]
[Site "Wijk aan Zee"]
[Date "27.01.2010"]
[Round "10C"]
[White "Gupta,Ab"]
[Black "Lie,K"]
[Result "0-1"]
[WhiteElo "2577"]
[BlackElo "2547"]
[EventDate "2010.01.16"]

1. d4 d6 2. c4 e5 3. Nf3 e4 4. Ng5 f5 5. Nc3 Be7 6. Nh3 c6 7. d5 Nf6 8. g3
Nbd7 9. Bg2 Nb6 10. Qb3 Nfd7 11. O-O Ne5 12. c5 dxc5 13. Bf4 c4 14. Qc2 Bf6
15. dxc6 bxc6 16. a4 Be6 17. Be3 Qe7 18. Nf4 Bf7 19. a5 Nbd7 20. Kh1 O-O
21. Rad1 Nc5 22. Na4 Nxa4 23. Qxa4 g5 24. Nh3 Bd5 25. Bd4 Ng4 26. Qc2 Rab8
27. Qc1 h6 28. Bc3 Rb3 29. f3 Bxc3 30. bxc3 exf3 31. exf3 Ne5 32. Qe3 Ng6
33. Qxe7 Nxe7 34. Rfe1 Kf7 35. Re3 Rfb8 36. Rde1 Ng6 37. f4 gxf4 38. Nxf4
Nxf4 39. gxf4 Rb1 40. Bxd5+ cxd5 41. Kg2 Rxe1 42. Rxe1 Rb2+ 43. Kf3 Rb3 44.
Re5 Rxc3+ 45. Ke2 d4 46. Rxf5+ Ke6 47. Rh5 Re3+ 48. Kd1 c3 49. f5+ Ke5 50.
Rxh6 d3 51. Re6+ Kf4 52. Rc6 d2 53. Rc4+ Kxf5 0-1

[Event "Corus 2010 - C"]
[Site "Wijk aan Zee"]
[Date "27.01.2010"]
[Round "10C"]
[White "Robson,R"]
[Black "Van Kampen,R"]
[Result "0-1"]
[WhiteElo "2570"]
[BlackElo "2456"]
[EventDate "2010.01.16"]

1. e4 e5 2. Nf3 Nc6 3. Bc4 Nf6 4. Ng5 d5 5. exd5 Na5 6. Bb5+ c6 7. dxc6
bxc6 8. Bd3 Nd5 9. Nf3 Bd6 10. O-O Nf4 11. Re1 Nxd3 12. cxd3 O-O 13. Nxe5
Qc7 14. d4 c5 15. Nc3 Rb8 16. Nd5 Qd8 17. d3 Bxe5 18. Rxe5 Nc6 19. Rh5 g6
20. Qf3 gxh5 21. Nf6+ Kh8 22. Bg5 Rg8 23. Qxh5 Rg7 24. Ne4 Qd5 25. Qh6 Nxd4
26. Bf6 Nf5 27. Qg5 Bb7 28. g4 Rbg8 29. Rd1 Nd4 30. Qe3 Qe6 31. h3 Bxe4 32.
Bxg7+ Rxg7 33. dxe4 Rxg4+ 34. Kf1 Rxe4 35. Qg3 Qg6 36. Qb8+ Kg7 37. f3 Re2
0-1

[Event "Corus 2010 - C"]
[Site "Wijk aan Zee"]
[Date "27.01.2010"]
[Round "10C"]
[White "Swinkels,R"]
[Black "Li Chao2"]
[Result "0-1"]
[WhiteElo "2495"]
[BlackElo "2604"]
[EventDate "2010.01.16"]

1. c4 Nf6 2. g3 e5 3. Bg2 d5 4. cxd5 Nxd5 5. Nc3 Nb6 6. Nf3 Nc6 7. O-O Be7
8. a3 O-O 9. b4 Be6 10. Rb1 f6 11. d3 a5 12. b5 Nd4 13. Nd2 Qc8 14. e3 Nf5
15. Qc2 Rd8 16. Bb2 a4 17. Rfd1 Nd6 18. Ba1 Nf7 19. Nc4 Bf8 20. Nxb6 cxb6
21. Qc1 Bg4 22. f3 Bf5 23. e4 Be6 24. Kh1 Qc5 25. Bb2 Bb3 26. Rd2 Nd6 27.
Bf1 Rac8 28. Qe1 Nxb5 29. Nxb5 Qxb5 30. d4 Qd7 31. d5 b5 32. f4 exf4 33.
gxf4 b4 34. Qg3 Qe7 35. Re1 bxa3 36. d6 Rxd6 37. Bxa3 Rxd2 38. Bxe7 Bxe7
39. Re2 Rxe2 40. Bxe2 Bf7 41. Qd3 a3 42. Qd7 Rc1+ 43. Kg2 Kf8 44. Qxb7 g6
45. e5 a2 46. exf6 Bxf6 0-1

[Event "Corus 2010 - C"]
[Site "Wijk aan Zee"]
[Date "27.01.2010"]
[Round "10C"]
[White "Muzychuk,M"]
[Black "Plukkel,S"]
[Result "1-0"]
[WhiteElo "2447"]
[BlackElo "2279"]
[EventDate "2010.01.16"]

1. e4 e5 2. Nf3 Nf6 3. d4 Nxe4 4. Bd3 d5 5. dxe5 Nc5 6. Be2 Be7 7. O-O O-O
8. Be3 c6 9. Nd4 f6 10. exf6 Bxf6 11. c4 Ne6 12. cxd5 cxd5 13. Bg4 Nxd4 14.
Bxc8 Ne2+ 15. Qxe2 Qxc8 16. Na3 Nc6 17. Qb5 Qe6 18. Rfe1 Qf7 19. f3 Rad8
20. Bf2 d4 21. Rad1 Rd5 22. Qb3 Rfd8 23. Nc4 b5 24. Nd2 a5 25. Ne4 Be7 26.
a4 Bb4 27. Rf1 bxa4 28. Qxa4 Ne5 29. Bh4 Qd7 30. Qb3 Be7 31. Rxd4 Bxh4 32.
Rfd1 a4 33. Qxd5+ Qxd5 34. Rxd5 Rxd5 35. Rxd5 Nc4 36. Rb5 Be7 37. Nc3 a3
38. bxa3 Bxa3 39. Ne4 Kf7 40. g4 Be7 41. Kg2 Ne3+ 42. Kf2 Nc2 43. Rb7 h6
44. f4 Nd4 45. f5 Kf8 46. Ke3 Nc6 47. Rc7 Ne5 48. h3 Bd8 49. Rc8 Ke7 50.
Kd4 Nd7 51. Rc6 Bb6+ 52. Kd5 Be3 53. Rc7 Bf4 54. Rb7 Ke8 55. Nc5 1-0

[Event "Corus 2010 - C"]
[Site "Wijk aan Zee"]
[Date "27.01.2010"]
[Round "10C"]
[White "Kuipers,S"]
[Black "Vocaturo,D"]
[Result "1-0"]
[WhiteElo "2340"]
[BlackElo "2495"]
[EventDate "2010.01.16"]

1. e4 c5 2. Nf3 d6 3. d4 cxd4 4. Nxd4 Nf6 5. Nc3 a6 6. Bg5 e6 7. f4 Qc7 8.
Bxf6 gxf6 9. Nb3 b5 10. Bd3 Bb7 11. Qh5 Nc6 12. Qh3 Na5 13. f5 e5 14. Nd2
h5 15. b4 Ke7 16. Be2 Rc8 17. Nd5+ Bxd5 18. exd5 Nb7 19. Rc1 Bh6 20. c3 Qb6
21. Rc2 a5 22. a3 axb4 23. axb4 Ra8 24. Qf3 Ra1+ 25. Bd1 Rha8 26. Rf1 R8a2
27. Rxa2 Rxa2 28. Rf2 Qa7 29. Nb3 Ra3 30. Qd3 Nd8 31. g3 Qc7 32. Rf3 Kf8
33. Kf1 Qa7 34. Rf2 Qc7 35. Rf3 Kg7 36. Na5 Qe7 37. Qe4 Ra1 38. Rd3 Ra2 39.
Be2 Qa7 40. Qf3 Bd2 41. Qxh5 Be1 42. Rf3 Ra1 43. Kg2 Bd2 44. Qg4+ Kf8 45.
Nb3 Re1 46. Rd3 Qg1+ 47. Kh3 Bg5 48. Qf3 Rb1 49. Rd1 Rxd1 50. Bxd1 Qe1 51.
Bc2 Be3 52. Qd1 Qxc3 53. Qd3 Qc7 54. Bd1 Qb6 55. Kg2 Bg1 56. Qe2 Qa7 57. h4
Kg7 58. Qg4+ Kf8 59. Qe2 Kg7 60. Nd2 Bd4 61. Ne4 Qa3 62. Qg4+ Kf8 63. Nxf6
Qe3 64. Qe2 Qg1+ 65. Kh3 Ke7 66. Ng8+ Kf8 67. Nf6 Ke7 68. Ne4 f6 69. Kg4
Nf7 70. Kh5 Ba7 71. Kg6 Qb6 72. Qh5 Qd4 73. Qh7 Qxd5 74. Bf3 Qb3 75. Nxf6
e4 76. Nxe4 Bd4 77. Ng5 1-0

[Event "Corus 2010 - C"]
[Site "Wijk aan Zee"]
[Date "27.01.2010"]
[Round "10C"]
[White "Peng Zhaoqin"]
[Black "Bok,B"]
[Result "0-1"]
[WhiteElo "2402"]
[BlackElo "2322"]
[EventDate "2010.01.16"]

1. Nf3 Nf6 2. c4 g6 3. Nc3 d5 4. cxd5 Nxd5 5. Qa4+ Bd7 6. Qh4 Nxc3 7. bxc3
c5 8. e4 Bg7 9. Rb1 Bc6 10. Bc4 Nd7 11. d4 Nb6 12. Bb3 cxd4 13. cxd4 Bxd4
14. O-O Bf6 15. Bg5 Bxg5 16. Nxg5 e6 17. Qh6 Qf6 18. Rbd1 Nd7 19. f4 O-O-O
20. e5 Qe7 21. h3 Qf8 22. Qxf8 Rdxf8 23. h4 Nc5 24. Rc1 b6 25. Rfd1 h6 26.
Bxe6+ fxe6 27. Nxe6 Nxe6 28. Rxc6+ Nc7 29. Rf1 Rhg8 30. h5 gxh5 31. f5 Kb7
32. Rxh6 Rg5 33. e6 Rfxf5 0-1

[Event "Corus 2010 - C"]
[Site "Wijk aan Zee"]
[Date "29.01.2010"]
[Round "11C"]
[White "Bok,B"]
[Black "Soumya,Sw"]
[Result "1-0"]
[WhiteElo "2322"]
[BlackElo "2323"]
[EventDate "2010.01.16"]

1. e4 c5 2. Nf3 d6 3. d4 cxd4 4. Nxd4 Nf6 5. Nc3 a6 6. Bg5 e6 7. f4 Qc7 8.
Bxf6 gxf6 9. Qd2 Nc6 10. O-O-O Bd7 11. Kb1 h5 12. Bc4 Nxd4 13. Qxd4 Be7 14.
Bb3 Qc5 15. Qd3 O-O-O 16. Rhf1 Kb8 17. Qh3 b5 18. f5 Qe5 19. Rde1 Bf8 20.
Qh4 Bg7 21. Nd5 Bc8 22. Qf2 Bb7 23. Nf4 exf5 24. Nd3 Qe8 25. Qxf5 Qd7 26.
Qf2 Rde8 27. Bd5 Qc7 28. Qg3 Rhg8 29. Qf3 h4 30. Qh5 Re7 31. Qh7 Qd8 32.
Qxh4 Bh8 33. Bxb7 Kxb7 34. Qh5 Rg5 35. Qf3 Kb8 36. Nb4 Qe8 37. e5 Rexe5 38.
Nc6+ Kc7 39. Nxe5 fxe5 40. Qe3 1-0

[Event "Corus 2010 - C"]
[Site "Wijk aan Zee"]
[Date "29.01.2010"]
[Round "11C"]
[White "Vocaturo,D"]
[Black "Peng Zhaoqin"]
[Result "1-0"]
[WhiteElo "2495"]
[BlackElo "2402"]
[EventDate "2010.01.16"]

1. e4 c5 2. Nf3 e6 3. d4 cxd4 4. Nxd4 Nc6 5. Nc3 Qc7 6. Be3 a6 7. Bd3 Nf6
8. O-O Nxd4 9. Bxd4 Bc5 10. Bxc5 Qxc5 11. Qd2 O-O 12. Rae1 d6 13. Kh1 b5
14. f4 e5 15. Rf3 exf4 16. Qxf4 Bb7 17. Qh4 Qh5 18. Qg3 Qe5 19. Qf2 Rfe8
20. Rf5 Qe6 21. Rf1 b4 22. Nd5 Nxd5 23. exd5 Bxd5 24. Qd4 Be4 25. Rxf7 Qe5
26. Qxb4 Bxd3 27. cxd3 Rab8 28. Qg4 Rf8 29. Qf3 Rfe8 30. b3 h6 31. h3 Rbc8
32. Qg4 Rc2 33. Qg6 Rec8 34. d4 Qxd4 35. Re7 R2c5 36. Rfe1 Rf8 37. Re8 Rc8
38. Rxc8 1-0

[Event "Corus 2010 - C"]
[Site "Wijk aan Zee"]
[Date "29.01.2010"]
[Round "11C"]
[White "Plukkel,S"]
[Black "Kuipers,S"]
[Result "0-1"]
[WhiteElo "2279"]
[BlackElo "2340"]
[EventDate "2010.01.16"]

1. e4 c5 2. Nf3 Nc6 3. d4 cxd4 4. Nxd4 Nf6 5. Nc3 e5 6. Ndb5 d6 7. Bg5 a6
8. Na3 b5 9. Bxf6 gxf6 10. Nd5 Bg7 11. c3 f5 12. exf5 Bxf5 13. Nc2 O-O 14.
Nce3 Be6 15. Bd3 f5 16. O-O Kh8 17. a4 bxa4 18. Rxa4 a5 19. Qh5 e4 20. Bb5
Ne5 21. Nf4 Bf7 22. Qh3 Rb8 23. c4 Ng6 24. Nh5 Be5 25. Bc6 Ne7 26. Bd5 Bg6
27. f4 Bd4 28. Rd1 Qb6 29. Kh1 Bxe3 30. Qh4 Bxh5 31. Qxh5 Bxf4 32. Be6 Rf6
33. c5 dxc5 34. Bc4 Rh6 35. Qf7 Rxh2+ 36. Kg1 Be3+ 37. Kf1 Qxb2 0-1

[Event "Corus 2010 - C"]
[Site "Wijk aan Zee"]
[Date "29.01.2010"]
[Round "11C"]
[White "Li Chao2"]
[Black "Muzychuk,M"]
[Result "1-0"]
[WhiteElo "2604"]
[BlackElo "2447"]
[EventDate "2010.01.16"]

1. e4 c5 2. Nf3 Nc6 3. Nc3 Nf6 4. Bb5 Qc7 5. O-O Nd4 6. Re1 a6 7. Bc4 Ng4
8. Bxf7+ Kxf7 9. Nd5 Qd6 10. Ng5+ Kg8 11. Qxg4 h6 12. Nf3 Nxc2 13. d4 Nxe1
14. Nxe1 b6 15. Nd3 Bb7 16. Bf4 Qe6 17. Qxe6+ dxe6 18. Nxb6 Rd8 19. Nxc5
Rxd4 20. Nxb7 Rxe4 21. Be3 Rb4 22. b3 g5 23. Rd1 Bg7 24. Nd8 Bf6 25. f3 Kh7
26. Nxe6 Rb8 27. Nd5 R4b5 28. b4 Rc8 29. a4 Rbb8 30. Nec7 Rb7 31. Nxa6 Rc2
32. Nc5 Rb8 33. b5 Ra2 34. b6 Kg6 35. b7 Ra3 36. Bf2 Rd8 37. Nd7 1-0

[Event "Corus 2010 - C"]
[Site "Wijk aan Zee"]
[Date "29.01.2010"]
[Round "11C"]
[White "Van Kampen,R"]
[Black "Swinkels,R"]
[Result "1-0"]
[WhiteElo "2456"]
[BlackElo "2495"]
[EventDate "2010.01.16"]

1. e4 c5 2. Nf3 Nf6 3. e5 Nd5 4. Nc3 e6 5. Ne4 f5 6. Nc3 Nxc3 7. dxc3 Nc6
8. Bf4 Qb6 9. b3 Qc7 10. Qd2 Be7 11. O-O-O a6 12. Rg1 h6 13. h4 h5 14. Rh1
b5 15. Rh3 c4 16. Rg3 Qa5 17. Kb1 b4 18. Nd4 Nxd4 19. Qxd4 cxb3 20. axb3
Kf7 21. cxb4 Qxb4 22. Bc4 a5 23. Bg5 g6 24. c3 Qa3 25. Bxe7 Qxe7 26. Ka2
Rd8 27. Qf4 Ba6 28. Qh6 Rg8 29. Rgd3 Bc8 30. Rd6 Ra7 31. g3 Rc7 32. R1d4
Rc5 33. Qe3 Rc7 34. Be2 Kg7 35. Bb5 Rd8 36. Qd3 Kf8 37. Kb2 Kg7 38. Ba4 Kf8
39. Qb5 Ra7 40. f4 Ke8 41. Rb6 Ra8 42. Rdd6 Kf7 43. Qd3 Kf8 44. c4 Kf7 45.
c5 Ra7 46. Qd4 Rc7 47. Rb8 Ke8 48. Ra8 Bb7 49. Rxd8+ Kxd8 50. c6 Bc8 51.
Qb6 1-0

[Event "Corus 2010 - C"]
[Site "Wijk aan Zee"]
[Date "29.01.2010"]
[Round "11C"]
[White "Lie,K"]
[Black "Robson,R"]
[Result "0-1"]
[WhiteElo "2547"]
[BlackElo "2570"]
[EventDate "2010.01.16"]

1. e4 c5 2. Nc3 Nc6 3. f4 g6 4. Nf3 Bg7 5. a3 e6 6. b4 b6 7. e5 d5 8. Nb5
Bf8 9. Bb2 a6 10. Nd6+ Bxd6 11. exd6 Nf6 12. b5 Na5 13. h4 O-O 14. h5 d4
15. Ne5 Bb7 16. bxa6 Bd5 17. Bd3 Qxd6 18. Qe2 b5 19. Qf2 Nc4 20. Bxc4 bxc4
21. Qh4 Qd8 22. hxg6 fxg6 23. Qh6 Qe7 24. d3 c3 25. Bc1 Rxa6 26. Rb1 Qg7
27. Qh2 Raa8 28. f5 exf5 29. Bh6 Qc7 30. Bxf8 Re8 31. O-O Rxe5 32. Bxc5 Ng4
33. Bb6 Qc6 34. Qf4 Re2 35. Qb8+ Kf7 36. Qa7+ Qb7 37. Qxb7+ Bxb7 38. Rf3
Bxf3 39. gxf3 Nh2 40. a4 Nxf3+ 41. Kf1 Rxc2 0-1

[Event "Corus 2010 - C"]
[Site "Wijk aan Zee"]
[Date "29.01.2010"]
[Round "11C"]
[White "Grandelius,N"]
[Black "Gupta,Ab"]
[Result "0-1"]
[WhiteElo "2515"]
[BlackElo "2577"]
[EventDate "2010.01.16"]

1. d4 Nf6 2. c4 g6 3. Nc3 d5 4. cxd5 Nxd5 5. Bd2 Nb6 6. Nf3 Bg7 7. Bf4 O-O
8. e3 c5 9. dxc5 N6d7 10. Nd5 Nxc5 11. Rc1 Nba6 12. b4 Ne4 13. Bxa6 bxa6
14. Rc7 Bd7 15. Ng5 e6 16. Nxe4 exd5 17. Qxd5 Bb5 18. Bd6 Rc8 19. Rxc8 Qxc8
20. Bxf8 Qg4 21. Qd2 Qxg2 22. Ng3 Bxf8 23. a3 a5 24. bxa5 h5 25. f4 Qf3 26.
a4 Bc4 27. Rf1 Bxf1 28. Nxf1 Be7 29. Qe2 Bb4+ 30. Kd1 Qd5+ 31. Kc1 Ba3+ 32.
Kc2 Qa2+ 33. Kd3 Qb3+ 34. Ke4 Qb7+ 35. Kd4 Bb2+ 36. Kc5 Qc7+ 37. Kb5 Bc3
38. Qd3 Bxa5 39. Qd4 Bb6 40. Qe4 Qc5+ 41. Ka6 Kh7 42. Kb7 Qc7+ 43. Ka6 Qc1
44. Qf3 Qc8+ 45. Kb5 Qc5+ 46. Ka6 Bc7 47. Kb7 Qb6+ 48. Kc8 Qb8+ 49. Kd7
Qd8+ 50. Kc6 Qa8+ 0-1

[Event "Corus 2010 - C"]
[Site "Wijk aan Zee"]
[Date "30.01.2010"]
[Round "12C"]
[White "Soumya,Sw"]
[Black "Gupta,Ab"]
[Result "0-1"]
[WhiteElo "2323"]
[BlackElo "2577"]
[EventDate "2010.01.16"]

1. e4 c5 2. Nf3 d6 3. d4 cxd4 4. Nxd4 Nf6 5. Nc3 Nc6 6. Bg5 e6 7. Qd2 a6 8.
O-O-O Bd7 9. f3 Be7 10. h4 h6 11. Be3 h5 12. Bg5 Qc7 13. Kb1 Ne5 14. Bd3 b5
15. Nce2 Rb8 16. Qe1 a5 17. Ng3 a4 18. Be2 Nc4 19. f4 g6 20. Qc3 d5 21.
Nxe6 Bxe6 22. Bxf6 d4 23. Bxd4 b4 24. Qe1 b3 25. Bxc4 Qxc4 26. Qc3 bxc2+
27. Qxc2 Qxa2+ 28. Kc1 O-O 29. Rd3 Rfc8 30. Rc3 Bb4 31. Rxc8+ Rxc8 32. Bc3
Bb3 0-1

[Event "Corus 2010 - C"]
[Site "Wijk aan Zee"]
[Date "30.01.2010"]
[Round "12C"]
[White "Robson,R"]
[Black "Grandelius,N"]
[Result "1/2-1/2"]
[WhiteElo "2570"]
[BlackElo "2515"]
[EventDate "2010.01.16"]

1. e4 e5 2. Nf3 Nc6 3. Bb5 Nf6 4. O-O Nxe4 5. d4 Nd6 6. Bxc6 dxc6 7. dxe5
Nf5 8. Qxd8+ Kxd8 9. Nc3 Ne7 10. h3 Ng6 11. Be3 Be7 12. Rad1+ Ke8 13. Ne2
h5 14. Rfe1 Bd7 15. Nf4 Nxf4 16. Bxf4 Rd8 17. Bg5 c5 18. Bxe7 Kxe7 19. Ng5
Bf5 20. c3 Bc2 21. Rc1 Bf5 22. Rcd1 Be6 23. b3 a5 24. f4 Bf5 25. Kf2 a4 26.
b4 cxb4 27. cxb4 a3 28. Ke3 f6 29. Ne4 fxe5 30. fxe5 Bxe4 31. Kxe4 Ke6 32.
Rxd8 Rxd8 33. Re3 Rd5 34. Rxa3 Rxe5+ 35. Kd4 Rd5+ 36. Ke4 Re5+ 1/2-1/2

[Event "Corus 2010 - C"]
[Site "Wijk aan Zee"]
[Date "30.01.2010"]
[Round "12C"]
[White "Swinkels,R"]
[Black "Lie,K"]
[Result "1/2-1/2"]
[WhiteElo "2495"]
[BlackElo "2547"]
[EventDate "2010.01.16"]

1. e4 c5 2. Nf3 Nc6 3. d4 cxd4 4. Nxd4 g6 5. c4 Bg7 6. Be3 Nf6 7. Nc3 Ng4
8. Qxg4 Nxd4 9. Qd1 e5 10. Nb5 O-O 11. Qd2 Qh4 12. Bd3 d5 13. exd5 Bh3 14.
Bxd4 exd4 15. O-O a6 16. Na3 Bxg2 17. Kxg2 Qg4+ 18. Kh1 Qf3+ 19. Kg1 Qg4+
1/2-1/2

[Event "Corus 2010 - C"]
[Site "Wijk aan Zee"]
[Date "30.01.2010"]
[Round "12C"]
[White "Peng Zhaoqin"]
[Black "Plukkel,S"]
[Result "0-1"]
[WhiteElo "2402"]
[BlackElo "2279"]
[EventDate "2010.01.16"]

1. d4 e6 2. c4 Bb4+ 3. Nd2 Nf6 4. a3 Bxd2+ 5. Qxd2 b6 6. f3 d5 7. e3 O-O 8.
b3 Ba6 9. Bb2 c5 10. Rc1 cxd4 11. exd4 Qe7 12. Bd3 dxc4 13. bxc4 Nc6 14.
Ne2 Na5 15. Qb4 Rfe8 16. Bc3 Qd7 17. Kf2 Rac8 18. Ba1 e5 19. Rhd1 e4 20.
fxe4 Ng4+ 21. Kg1 Ne3 22. Re1 Bxc4 23. Qd2 Bxd3 24. Qxd3 Ng4 25. Ng3 Qd6
26. Qf3 Nxh2 27. Qe3 Ng4 28. Qf3 Qg6 29. Nf5 Rxc1 30. Rxc1 Qh5 31. Bb2 Nb3
32. Rc2 Qh2+ 33. Kf1 Qh1+ 34. Ke2 Nh2 35. Qf4 Qxg2+ 36. Kd3 Qh3+ 37. Ne3
Qf3 38. Qe5 Kf8 39. Qd6+ Kg8 40. Qe7 Nc5+ 41. Rxc5 Rf8 42. Rf5 Qh1 43. Qc7
Ng4 44. Nxg4 Qd1+ 45. Ke3 Qxg4 46. d5 Qg1+ 47. Rf2 Qe1+ 48. Re2 Qg1+ 49.
Kd2 Qg5+ 50. Kd3 h5 51. Qe5 Qg4 52. Qf5 Qg3+ 53. Kd2 h4 54. Qe5 Qg4 55. Rf2
Qg1 56. Ke3 h3 57. Qh2 Qg4 58. Rf4 Qd1 59. Rf3 Qe1+ 60. Kf4 Qh4+ 61. Ke3
Qe1+ 62. Kd4 Re8 63. Qxh3 Rxe4+ 64. Kd3 Qe2+ 65. Kc3 Qc4+ 0-1

[Event "Corus 2010 - C"]
[Site "Wijk aan Zee"]
[Date "30.01.2010"]
[Round "12C"]
[White "Bok,B"]
[Black "Vocaturo,D"]
[Result "1-0"]
[WhiteElo "2322"]
[BlackElo "2495"]
[EventDate "2010.01.16"]

1. e4 e5 2. Nf3 Nc6 3. Bb5 a6 4. Ba4 Nf6 5. O-O Be7 6. Re1 b5 7. Bb3 d6 8.
c3 O-O 9. h3 Na5 10. Bc2 c5 11. d4 Qc7 12. Nbd2 cxd4 13. cxd4 Bb7 14. d5
Rac8 15. Bb1 Nd7 16. Nf1 f5 17. exf5 Nc4 18. Nd4 Bxd5 19. Ne6 Bxe6 20. fxe6
Nc5 21. Qh5 e4 22. Bxe4 Nxe4 23. Rxe4 Qc6 24. Ng3 g6 25. Qg4 Qb6 26. Rf4 d5
27. Nf5 Bf6 28. Be3 Nxe3 29. Nxe3 Bxb2 30. Rxf8+ Rxf8 31. Rd1 Ba3 32. Rxd5
Re8 33. Re5 Qc7 34. Re4 Qc1+ 35. Kh2 Bd6+ 36. g3 Qb2 37. Kg2 Qxa2 38. Qg5
Be7 39. Qe5 Rf8 40. Rf4 Rxf4 41. gxf4 h5 42. Qe4 Kg7 43. f5 Qd2 44. Qe5+
Kh6 45. f6 Bd6 46. Qe4 1-0

[Event "Corus 2010 - C"]
[Site "Wijk aan Zee"]
[Date "31.01.2010"]
[Round "13C"]
[White "Vocaturo,D"]
[Black "Soumya,Sw"]
[Result "1-0"]
[WhiteElo "2495"]
[BlackElo "2323"]
[EventDate "2010.01.16"]

1. e4 c6 2. d4 d5 3. Nc3 dxe4 4. Nxe4 Bf5 5. Ng3 Bg6 6. h4 h6 7. Nf3 Nd7 8.
h5 Bh7 9. Bd3 Bxd3 10. Qxd3 e6 11. Bd2 Ngf6 12. O-O-O Be7 13. Qe2 c5 14.
Rhe1 O-O 15. Nf5 cxd4 16. Nxe7+ Qxe7 17. Nxd4 Rac8 18. Kb1 Nb6 19. g4 Nc4
20. g5 Nxd2+ 21. Qxd2 hxg5 22. Qxg5 Qc5 23. Re5 Qc7 24. h6 Ne8 25. hxg7
Nxg7 26. Qf6 Qd8 27. Qh6 Qc7 28. Rh5 Nxh5 29. Rg1+ Ng3 30. Qg5+ Kh7 31.
fxg3 1-0

[Event "Corus 2010 - C"]
[Site "Wijk aan Zee"]
[Date "31.01.2010"]
[Round "13C"]
[White "Plukkel,S"]
[Black "Bok,B"]
[Result "1/2-1/2"]
[WhiteElo "2279"]
[BlackElo "2322"]
[EventDate "2010.01.16"]

1. e4 e5 2. Nf3 Nc6 3. d4 exd4 4. Nxd4 Bc5 5. Be3 Qf6 6. Nb5 Bxe3 7. fxe3
Qh4+ 8. g3 Qd8 9. N1c3 a6 10. Nd4 Nf6 11. Qd2 d6 12. Nxc6 bxc6 13. e5 dxe5
14. Qxd8+ Kxd8 15. O-O-O+ Ke7 16. Bg2 Bd7 17. Na4 Rhb8 18. Nc5 Be8 19. c4
Ng4 20. Rde1 f6 21. Rhf1 h5 22. h4 a5 23. b3 Rd8 24. Bh3 Bd7 25. Bg2 Rab8
26. Re2 Be8 27. Bh3 Bg6 28. Bxg4 hxg4 29. Rff2 a4 30. Nxa4 Rd3 31. Kb2 Rd1
32. Nc3 Rg1 33. Rg2 Rf1 34. Rgf2 1/2-1/2

[Event "Corus 2010 - C"]
[Site "Wijk aan Zee"]
[Date "31.01.2010"]
[Round "13C"]
[White "Li Chao2"]
[Black "Peng Zhaoqin"]
[Result "1-0"]
[WhiteElo "2604"]
[BlackElo "2402"]
[EventDate "2010.01.16"]

1. e4 e6 2. d4 d5 3. Nc3 Bb4 4. e5 c5 5. a3 Bxc3+ 6. bxc3 Nc6 7. a4 Qc7 8.
Nf3 Nge7 9. Bd3 c4 10. Be2 O-O 11. Bf4 f6 12. exf6 Qxf4 13. fxe7 Nxe7 14.
Qd2 Qxd2+ 15. Kxd2 Nc6 16. Ke3 Bd7 17. Ne5 Nxe5 18. dxe5 a5 19. Rhb1 Bc6
20. Bg4 Kf7 21. Rb6 Ke7 22. Rab1 Ra7 23. f4 g6 24. h4 h5 25. Bh3 Kd7 26. g3
Re8 27. Kd4 Rc8 28. Rg1 Ke7 29. g4 hxg4 30. Rxg4 Kf7 31. h5 gxh5 32. Rg5
Rh8 33. f5 exf5 34. Rxf5+ Ke7 35. Rg5 Raa8 36. Rg7+ Kf8 37. Rc7 h4 38. Rb1
Rh6 39. Rg1 Bxa4 40. e6 Be8 41. Rcg7 1-0

[Event "Corus 2010 - C"]
[Site "Wijk aan Zee"]
[Date "31.01.2010"]
[Round "13C"]
[White "Van Kampen,R"]
[Black "Kuipers,S"]
[Result "1-0"]
[WhiteElo "2456"]
[BlackElo "2340"]
[EventDate "2010.01.16"]

1. e4 c5 2. Nf3 Nc6 3. Bb5 d6 4. O-O Bd7 5. Re1 Nf6 6. c3 a6 7. Ba4 b5 8.
Bc2 Bg4 9. h3 Bxf3 10. Qxf3 g6 11. d3 Bg7 12. Be3 Nd7 13. Nd2 O-O 14. Rac1
Rb8 15. Qe2 a5 16. Nf3 a4 17. d4 Qa5 18. Bb1 Rfc8 19. a3 Qc7 20. Ba2 e5 21.
dxc5 dxc5 22. Bd5 c4 23. Rcd1 Na5 24. Ng5 Rf8 25. Ne6 fxe6 26. Bxe6+ Kh8
27. Rxd7 Qc6 28. Qg4 Rbe8 29. Bf7 Rd8 30. Red1 Nb7 31. Qe6 Qxe4 32. Qe7
Rxd7 33. Rxd7 Na5 34. Be6 1-0

[Event "Corus 2010 - C"]
[Site "Wijk aan Zee"]
[Date "31.01.2010"]
[Round "13C"]
[White "Lie,K"]
[Black "Muzychuk,M"]
[Result "0-1"]
[WhiteElo "2547"]
[BlackElo "2447"]
[EventDate "2010.01.16"]

1. c4 e5 2. g3 Nc6 3. Bg2 f5 4. Nc3 Nf6 5. d3 g6 6. Nf3 Bg7 7. O-O O-O 8.
Rb1 d6 9. Bg5 h6 10. Bxf6 Qxf6 11. b4 Ne7 12. Nd2 c6 13. b5 e4 14. Rc1 d5
15. cxd5 cxd5 16. Nb3 Be6 17. e3 g5 18. f4 gxf4 19. gxf4 Qf7 20. Ne2 Ng6
21. Nc5 Nh4 22. Ng3 exd3 23. Qxd3 Nxg2 24. Kxg2 d4 25. Nxe6 Qxe6 26. exd4
Qxa2+ 27. Kh3 Rad8 28. Rc4 Qb2 29. Rc7 Rxd4 30. Qe3 Rd2 31. Rh1 Qd4 32.
Qe6+ Kh8 33. Rxb7 Qf2 34. Qc6 Rf6 35. Rb8+ Kh7 36. Qa8 Qxf4 37. Rh8+ Bxh8
38. Qxa7+ Kg6 0-1

[Event "Corus 2010 - C"]
[Site "Wijk aan Zee"]
[Date "31.01.2010"]
[Round "13C"]
[White "Grandelius,N"]
[Black "Swinkels,R"]
[Result "0-1"]
[WhiteElo "2515"]
[BlackElo "2495"]
[EventDate "2010.01.16"]

1. e4 c5 2. Nf3 e6 3. d4 cxd4 4. Nxd4 Nc6 5. Nc3 Qc7 6. Be3 a6 7. Qd2 Nf6
8. O-O-O Be7 9. f3 h5 10. Kb1 b5 11. Nxc6 dxc6 12. e5 Qxe5 13. Bd4 Qc7 14.
Qg5 Rg8 15. Be5 Qa7 16. Be2 Nd7 17. Qxh5 Nxe5 18. Qxe5 Qb8 19. Qh5 Qf4 20.
Ne4 Qf5 21. Nd6+ Bxd6 22. Qxf5 exf5 23. Rxd6 Bd7 24. Rhd1 O-O-O 25. f4 Kc7
26. Bf3 Rge8 27. c4 Re6 28. R6d4 Re7 29. a4 Rb8 30. cxb5 axb5 31. a5 b4 32.
Kc2 Rb5 33. Ra1 Bc8 34. Ra4 b3+ 35. Kc3 Ba6 36. Rdb4 Re3+ 37. Kd2 Rd3+ 38.
Ke1 Rc5 39. Rb6 Rc1+ 40. Kf2 Bb5 41. Rb4 Rc2+ 42. Kg3 Rxb2 43. Kh4 Ra2 44.
R4xb5 cxb5 45. Rxb5 b2 46. a6 Rd2 47. Rb7+ Kd6 48. Rb8 Rxa6 49. Rd8+ Kc7
0-1